Países mais próximos da Guiné-Bissau - corrida de um minuto - Statistics

Estatísticas Gerais
  • Esse quiz foi jogado 26 vezes
  • A pontuação média é 14 de 20
Estatísticas das Respostas
km país % Correto
1188 Gana
91%
0 Guiné
91%
1511 Níger
91%
1832 Nigéria
91%
208 Mali
87%
0 Senegal
87%
1586 Benim
83%
1479 Togo
83%
900 Burkina Faso
78%
519 Libéria
78%
1668 Marrocos
78%
249 Serra Leoa
74%
1657 Argélia
70%
280 Mauritânia
70%
61 Gâmbia
65%
637 Côte d'Ivoire
61%
758 Cabo Verde
52%
1674 Espanha
13%
2225 Portugal
13%
921 Saara Ocidental
13%
Nenhum quiz correspondente encontrado
Distribuição das Pontuações
Porcentagem de Pessoas com Cada Pontuação
Percentil de Números Respondidos
Sua Pontuação Histórica
Você não jogou esse quiz